[Event "ROM-ch"]
[Site "Eforie Nord"]
[Date "2009.02.03"]
[Round "4"]
[White "Olariu, Mihai"]
[Black "Constantin, Dragos Georgian"]
[Result "1/2-1/2"]
[WhiteElo "1861"]
[BlackElo "2054"]
[PlyCount "37"]
[EventDate "2009.01.31"]
[EventType "swiss"]
[EventRounds "9"]
[EventCountry "ROU"]
[SourceTitle "CBM 130 Extra"]
[Source "ChessBase"]
[SourceDate "2009.07.02"]
[SourceVersion "2"]
[SourceVersionDate "2009.07.15"]
[SourceQuality "1"]

1. c4 Nf6 2. d4 g6 3. Nc3 d5 4. cxd5 Nxd5 5. Nf3 Bg7 6. g3 c5 7. e3 Qa5 8. Bd2 cxd4 9. Nxd4 Bxd4 10. Nb5 Qb6 11. Qa4 Nc6 12. Nxd4 Bd7 13. Bb5 0-0 14. Nxc6 bxc6 15. Bd3 Qxb2 16. Rb1 Qf6 17. 0-0 Nc3 18. Bxc3 Qxc3 19. Be4 1/2-1/2